000 00363nam a2200133Ia 4500
005 20260328101449.0
008 260328s9999||||xx |||||||||||||| ||und||
100 _aGlusberg, Jorge
245 0 _aEscuela de Buenos Aires :
_b Dibujos de Arquitectos /
_cJorge Glusberg
260 _bUnión Carbide
300 _a32 p.
650 _aDIBUJO ARQUITECTÓNICO
942 _cBK
999 _c8588
_d8588